Concrete sealers for protection of bridge structures /

Bibliographic Details
Main Author: Pfeifer, D. W.
Corporate Authors: National Research Council (U.S.). Transportation Research Board, Wiss, Janney, Elstner, and Associates
Other Authors: Scali, M. J.
Format: Book
Language:English
Published: Washington, D.C. : Transportation Research Board, National Research Council, 1981.
Series:Report (National Cooperative Highway Research Program) ; 244.
Subjects:

MARC

Tag First Indicator Second Indicator Subfields
LEADER 00000cam a2200000 a 4500
001 in00000072848
005 20151008054640.0
008 820407s1981 dcua b 00010 eng d
010 |a  81086533  
020 |a 0309034094 :  |c $10.00 
035 |a (OCoLC)08319461 
035 |9 AAJ1270AM 
040 |a CBT  |c CBT  |d TXA  |d UtOrBLW 
049 |a TXAM  |c [1655282] 
090 |a TE7  |b .N25 no. 244 
100 1 |a Pfeifer, D. W. 
245 1 0 |a Concrete sealers for protection of bridge structures /  |c D.W. Pfeifer and M.J. Scali (Wiss, Janney, Elstner & Associates, Inc.). 
264 1 |a Washington, D.C. :  |b Transportation Research Board, National Research Council,  |c 1981. 
300 |a 138 pages :  |b illustrations ;  |c 28 cm. 
336 |a text  |b txt  |2 rdacontent 
337 |a unmediated  |b n  |2 rdamedia 
338 |a volume  |b nc  |2 rdacarrier 
490 1 |a National Cooperative Highway Research Program report,  |x 0077-5614 ;  |v 244 
500 |a "Research sponsored by the American Association of State Highway and Transportation Officials in cooperation with the Federal Highway Administration." 
504 |a Includes bibliographical references. 
650 0 |a Reinforced concrete  |x Corrosion. 
650 0 |a Concrete bridges  |x Floors  |x Corrosion. 
650 0 |a Sealing compounds  |x Evaluation. 
700 1 |a Scali, M. J. 
710 2 |a National Research Council (U.S.).  |b Transportation Research Board. 
710 2 |a Wiss, Janney, Elstner, and Associates. 
830 0 |a Report (National Cooperative Highway Research Program) ;  |v 244. 
999 |a MARS 
999 f f |s 89558df9-5ed7-390d-abdc-9bdb9f12c910  |i 07a110f3-5922-3ca2-a40e-a020d4789a59  |t 0 
952 f f |p ric  |a Texas A&M University  |b Rellis Campus  |c Joint Library Facility  |d Remote Storage  |t 0  |e TE7 .N25 no.244  |h Library of Congress classification  |i unmediated -- volume  |m A14807710491 
998 f f |a TE7 .N25 no.244  |t 0  |l Remote Storage